[Event "IND-ch Challengers (Women) 43rd"]
[Site "Chennai"]
[Date "2016.06.24"]
[Round "10"]
[White "Pallavi"]
[Black "Pooja, Shukla"]
[Result "1/2-1/2"]
[WhiteElo "1657"]
[BlackElo "1524"]
[PlyCount "67"]
[EventDate "2016.06.17"]
[EventType "swiss"]
[EventRounds "11"]
[EventCountry "IND"]
[SourceTitle "CBM 173 Extra"]
[Source "ChessBase"]
[SourceDate "2016.08.29"]
[SourceVersion "1"]
[SourceVersionDate "2016.08.29"]
[SourceQuality "1"]

1. e4 c5 2. Nf3 d6 3. d4 cxd4 4. Nxd4 Nf6 5. Nc3 a6 6. Be3 e5 7. Nb3 Be6 8. f3 Be7 9. Qd2 Nbd7 10. g4 h6 11. 0-0-0 b5 12. Rg1 Nb6 13. Kb1 Nc4 14. Qf2 Nxe3 15. Qxe3 Nd7 16. Nd5 Bxd5 17. Rxd5 Nb6 18. Rd1 Qc7 19. Bd3 0-0 20. Qe1 Nc4 21. h4 f6 22. Qg3 a5 23. f4 a4 24. Bxc4+ Qxc4 25. Nd2 Qc6 26. f5 b4 27. Qd3 Ra5 28. Qc4+ Qxc4 29. Nxc4 Ra6 30. b3 axb3 31. cxb3 Rfa8 32. Rg2 R8a7 33. h5 Kf7 34. Rd5 1/2-1/2

[Event "IND-ch U17 Girls"]
[Site "Bengaluru"]
[Date "2015.10.03"]
[Round "1"]
[White "Varshini, Veileven"]
[Black "Pooja, Shukla"]
[Result "1-0"]
[WhiteElo "2105"]
[BlackElo "1537"]
[PlyCount "77"]
[EventDate "2015.10.03"]
[EventType "swiss"]
[EventRounds "11"]
[EventCountry "IND"]
[SourceTitle "CBM 168 Extra"]
[Source "ChessBase"]
[SourceDate "2015.10.29"]
[SourceVersion "1"]
[SourceVersionDate "2015.10.29"]
[SourceQuality "1"]

1. e4 c5 2. Nc3 d6 3. Nge2 Nc6 4. d4 cxd4 5. Nxd4 a6 6. Be3 Nf6 7. Be2 e5 8. Nb3 Be6 9. Nd5 Nd7 10. 0-0 Be7 11. Qd2 Nc5 12. f3 0-0 13. Rad1 Bxd5 14. Qxd5 Nxb3 15. axb3 Rc8 16. c3 Qc7 17. b4 Rfd8 18. Bc4 Bf6 19. Bb3 Rd7 20. Kh1 Rf8 21. g3 Ne7 22. Qd2 Rfd8 23. Qf2 Nc8 24. Kg2 Rf8 25. Rd3 Kh8 26. Rfd1 Be7 27. f4 Bf6 28. f5 h6 29. h4 Qd8 30. Rh1 d5 31. Rxd5 Rxd5 32. Bxd5 b5 33. g4 Be7 34. g5 Kh7 35. f6 gxf6 36. Qf5+ Kh8 37. g6 Nd6 38. Qh5 fxg6 39. Qxh6# 1-0